Score 0/12 Timer 01:30
0 Plays Today
% Correct
United States
95%
Norway
92.1%
Indonesia
84.4%
Egypt
83.5%
Australia
82.2%
Liechtenstein
75.5%
Italy
74.7%
Chile
64.3%
Germany
61.6%
Netherlands
58.2%
France
57.1%
United Kingdom
55.4%

Today's Daily Dose

Missing Word
Rihanna (A-Z)

Get the Picture
Laker Big Men

Remove Ads.
Support Sporcle.
Get the best of Sporcle when you Go Orange. This ad-free experience offers more features, more stats, and more fun while also helping to support Sporcle. Thank you for becoming a member.

You're not logged in!

Compare scores with friends on all Sporcle quizzes.
OR
Log In

Sporcle TV

Today on Sporcle TV


Watch our educational content, quiz creation guides, and fun videos on Sporcle TV.

Show Comments

Extras

Top Quizzes Today


Score Distribution

Paid Content

Your Account Isn't Verified!

In order to create a playlist on Sporcle, you need to verify the email address you used during registration. Go to your Sporcle Settings to finish the process.

Report this User

Report this user for behavior that violates our Community Guidelines.

Details: